000 00578nam a2200181Ia 4500
003 GCL
008 140319s9999 xx 000 0 ara d
040 _aGCL /
_cGCL
082 0 4 _a961.109
_bر س
245 1 0 _aالسياسة الثقافية فى تونس
300 _a61 ص
490 _aالسياسات الثقافية: دراسات ووثائق
_v0
650 0 4 _aالثقافة
650 0 4 _aالابداع الادبى والفنى
650 0 4 _aالانثربولوجيا الثقافية
650 0 4 _aتونس - الاحوال الثقافية
942 _2ddc
_cBK
999 _c38009
_d38009